Microsoft Office Access 2003 : (Record no. 256070)
[ view plain ]
| 000 -LEADER | |
|---|---|
| fixed length control field | 01139cam a22003497a 4500 |
| 001 - CONTROL NUMBER | |
| control field | 15210452 |
| 003 - CONTROL NUMBER IDENTIFIER | |
| control field | OSt |
| 005 - DATE AND TIME OF LATEST TRANSACTION | |
| control field | 20170307101644.0 |
| 008 - FIXED-LENGTH DATA ELEMENTS--GENERAL INFORMATION | |
| fixed length control field | 080307s2008 maua 001 0 eng d |
| 010 ## - LIBRARY OF CONGRESS CONTROL NUMBER | |
| LC control number | 2008297154 |
| 020 ## - INTERNATIONAL STANDARD BOOK NUMBER | |
| International Standard Book Number | 1418843628 |
| International Standard Book Number | 1418843628 |
| 035 ## - SYSTEM CONTROL NUMBER | |
| System control number | (OCoLC)ocn179914842 |
| 040 ## - CATALOGING SOURCE | |
| Original cataloging agency | NUI |
| Transcribing agency | NUI |
| Modifying agency | BTCTA |
| -- | BAKER |
| -- | YDXCP |
| -- | DLC |
| 042 ## - AUTHENTICATION CODE | |
| Authentication code | lccopycat |
| 050 00 - LIBRARY OF CONGRESS CALL NUMBER | |
| Classification number | QA76.9.D3 |
| Item number | M57332 2008 |
| 082 00 - DEWEY DECIMAL CLASSIFICATION NUMBER | |
| Classification number | 005.75/65 |
| Edition number | 22 |
| 245 00 - TITLE STATEMENT | |
| Title | Microsoft Office Access 2003 : |
| Remainder of title | Complete concepts and techniques / |
| Statement of responsibility, etc | Gary B. Shelly ... [et al.]. |
| 246 30 - VARYING FORM OF TITLE | |
| Title proper/short title | Access 2007 |
| 260 ## - PUBLICATION, DISTRIBUTION, ETC. (IMPRINT) | |
| Place of publication, distribution, etc | Boston, MA : |
| Name of publisher, distributor, etc | Thomson Course Technology, |
| Date of publication, distribution, etc | c2008 |
| 300 ## - PHYSICAL DESCRIPTION | |
| Extent | 1 v. (various pagings) : |
| Other physical details | col. ill. ; |
| Dimensions | 28 cm. |
| 490 1# - SERIES STATEMENT | |
| Series statement | Shelly Cashman series |
| 500 ## - GENERAL NOTE | |
| General note | Includes index. |
| 630 00 - SUBJECT ADDED ENTRY--UNIFORM TITLE | |
| Uniform title | Microsoft Access. |
| Uniform title | Microsoft Office. |
| 650 #0 - SUBJECT ADDED ENTRY--TOPICAL TERM | |
| Topical term or geographic name as entry element | Database management. |
| 700 1# - ADDED ENTRY--PERSONAL NAME | |
| Personal name | Shelly, Gary B. |
| 800 1# - SERIES ADDED ENTRY--PERSONAL NAME | |
| Personal name | Shelly, Gary B. |
| Title of a work | Shelly Cashman series. |
| 906 ## - LOCAL DATA ELEMENT F, LDF (RLIN) | |
| a | 7 |
| b | cbc |
| c | copycat |
| d | 2 |
| e | ncip |
| f | 20 |
| g | y-gencatlg |
| 942 ## - ADDED ENTRY ELEMENTS (KOHA) | |
| Source of classification or shelving scheme | Library of Congress Classification |
| Koha item type | Long Loan Books |
| Withdrawn status | Lost status | Source of classification or shelving scheme | Damaged status | Not for loan | Collection code | Home library | Current library | Shelving location | Date acquired | Total Checkouts | Full call number | Barcode | Date last seen | Price effective from | Koha item type |
|---|---|---|---|---|---|---|---|---|---|---|---|---|---|---|---|
| Library of Congress Classification | Non-fiction | Rongo University Library | Rongo University Library | General Stacks | 07/03/2017 | QA76.9.D3 M57332 2006 | 201614929 | 07/03/2017 | 07/03/2017 | Long Loan Books |
